000 01321nam0a2200325 4500
001 RU\NLR\bibl\1123937
005 20260405141344.0
010 _a978-5-479-01052-1
_910000
021 _aRU
_b2007-49125
_92603
035 _a(NLR Aleph) 001110886
090 _a1237342
_c1237342
100 _a20070905d2007 |||y0rusy50 ca
101 0 _arus
102 _aRU
105 _aa |||||||||
200 1 _aПамять, логика, внимание
_eиграем, рисуем, учимся
_e[для изучения детьми от 5 лет и старше при помощи взрослых
_fЕлена и Светлана Синякины]
210 _aМосква
_cСтрекоза
_cСтрекоза-Пресс
_d2007
215 _a16 с.
_cил.
_d26
225 1 _aСкоро в школу!
300 _aАвт. указаны в вып. дан.
606 1 _aДошкольники
_xПодготовка к школе
_9946126
_3RU\NLR\auth\66350833
686 _aЧ411.389
686 _aЧ491.71
700 1 _4070
_8rus
_7ca
_aСинякина
_bЕ.
_gЕлена
_3RU\NLR\auth\7757436
_940368
701 1 _4070
_8rus
_7ca
_aСинякина
_bС.
_gСветлана
_3RU\NLR\auth\7757437
_940369
801 0 _aRU
_bNLR
_c20070905
_gRCR
801 1 _aRU
_bNLR
_c20070905
942 _cBOOK
980 _aNB